| 000 | 01041cab a2200313 4500 | ||
|---|---|---|---|
| 001 | WB3110-02 | ||
| 008 | 090401t1995 xxu||||| |||| 00| 0 eng d | ||
| 035 | _a(Sirsi) u22425 | ||
| 041 | _aeng | ||
| 245 | _aConstruction qualification systems | ||
| 260 | _c1995 | ||
| 350 | _a0 | ||
| 490 |
_aDoE News Release _v(121) 9 March 1995 (2) |
||
| 520 | _aA review of the need for and the possible future role of the central pre- qualification system for construction contractors and consultants, is to be undertaken by Capita Management Consultancy Ltd, following recommendations of the Latham Report. | ||
| 650 | _aCAPITA MANAGEMENT CONSULTANCY LTD | ||
| 650 | _aCMIS | ||
| 650 | _aCONREG | ||
| 650 | _aCONSULTANTS REGISTER | ||
| 650 | _aCONSULTANTS | ||
| 650 | _aCONTRACTOR MANAGEMENT INFORMATION SYSTEM | ||
| 650 | _aCONTRACTORS | ||
| 650 | _aLATHAM REFORMS | ||
| 650 | _aNATIONAL REGISTERS | ||
| 650 | _aPUBLIC SECTOR | ||
| 650 | _aQUALIFICATIONS | ||
| 690 | _aBUILT ENVIRONMENT | ||
| 942 | _n0 | ||
| 948 | _c04/03/1997 | ||
| 999 |
_c15022 _d15022 |
||